=LDR 00000nam 2200000 4500 =001 INLIS000000000048579 =005 20161124095238.0 =006 =007 =008 =020 ##$$a 978-602-9052-19-0 =035 ##$$0010-111600000000158 =040 ##$$a NBPDMAT =082 ##$$a 720.959 828 =090 ##$$a 720.959 828$bSin a =100 ##$$a Sindu Gilba =245 ##$$a Arsitektur tradisional masyarakat pendhalungan propinsi Jawa Timur $c / Sindu Gilba =260 ##$$a Jakarta $b Kementrian Kebudayaan dan Pariwisata $c 2012 =300 ##$$a x, 105 hlm. : $b ilus. ; $c 20 cm =500 ##$$a Bibliografi : hlm 102 - 103 =650 ##$$a Arsitektur Tradisional - Jawa Timur =850 ##$$a NBPDMAT =990 ##$$a 31600221